Los niveles de autonomía en el aprendizaje del profesor en formación de lenguas extranjeras (Record no. 183617)
[ view plain ]
| 000 -CABECERA | |
|---|---|
| campo de control de longitud fija | 02167nab a2200325 a 4500 |
| 005 - FECHA Y HORA DE LA ÚLTIMA TRANSACCIÓN | |
| campo de control | 20250428092932.0 |
| 008 - ELEMENTOS DE LONGITUD FIJA--INFORMACIÓN GENERAL | |
| campo de control de longitud fija | 991125c2016 cu qr p o 000 0 spa d |
| 035 ## - NÚMERO DE CONTROL DEL SISTEMA | |
| Número de control de sistema | UPN01000211516 |
| 040 ## - FUENTE DE LA CATALOGACIÓN | |
| Centro catalogador/agencia de origen | MX-MxUPN |
| Lengua de catalogación | spa |
| Centro/agencia transcriptor | MX-MxUPN |
| Normas de descripción | aacr2 |
| 049 ## - COLECCIÓN | |
| Colección | ART-E |
| 100 1# - ASIENTO PRINCIPAL--NOMBRE PERSONAL | |
| Nombre de persona | Velázquez Reyes, Yamila |
| 100 1# - ASIENTO PRINCIPAL--NOMBRE PERSONAL | |
| Filiación | lemay@ult.edu.cu |
| 100 1# - ASIENTO PRINCIPAL--NOMBRE PERSONAL | |
| Nombre de persona | Pérez Suárez, Alexander |
| 100 1# - ASIENTO PRINCIPAL--NOMBRE PERSONAL | |
| Filiación | alexanderps@ult.edu.cu |
| 100 1# - ASIENTO PRINCIPAL--NOMBRE PERSONAL | |
| Nombre de persona | Parra Rodríguez, Jorge Félix |
| 100 1# - ASIENTO PRINCIPAL--NOMBRE PERSONAL | |
| Filiación | jfelixpr@ult.edu.cu |
| 245 14 - MENCIÓN DE TÍTULO | |
| Título | Los niveles de autonomía en el aprendizaje del profesor en formación de lenguas extranjeras |
| 506 0# - NOTA DE RESTRICCIONES AL ACCESO | |
| Limitaciones de acceso | Acceso abierto |
| 520 3# - NOTA DE RESUMEN, ETC. | |
| Sumario, etc. | El desarrollo de la autonomía tiene gran significación para la formación del pensamiento reflexivo de los estudiantes. La presente investigación orienta la búsqueda de la solución a las insuficiencias que se presentan en el desarrollo de la autonomía de los estudiantes y que limitan la efectividad del proceso de enseñanza-aprendizaje de lenguas extranjeras en la carrera. Para ello se propone en la investigación una metodología con dos aspectos el teórico y el interventivo. En relación al aspecto teórico de la metodología, se precisa que esta aporta los niveles sucesivos de autonomía, con sus rasgos correspondientes, en el aprendizaje de las lenguas extranjeras del profesional de esta especialidad, lo que enriquece el proceso de formación inicial de la carrera Lenguas Extranjeras. Con respecto al aporte práctico su relevancia está en el componente instrumental de la metodología, diseñada por etapas con sus procedimientos; en el que se distingue el proyecto de autoacceso para la enseñanza-aprendizaje en la carrera de Lenguas Extranjeras. |
| 650 #2 - ASIENTO SECUNDARIO DE MATERIA - TERMINO TEMATICO | |
| Término de materia o nombre geográfico como elemento de entrada | Autonomía |
| 9 (RLIN) | 3054 |
| 650 #4 - ASIENTO SECUNDARIO DE MATERIA - TERMINO TEMATICO | |
| Término de materia o nombre geográfico como elemento de entrada | Metodología |
| 9 (RLIN) | 6963 |
| 650 #4 - ASIENTO SECUNDARIO DE MATERIA - TERMINO TEMATICO | |
| Término de materia o nombre geográfico como elemento de entrada | Proceso enseñanza-aprendizaje |
| 9 (RLIN) | 42 |
| 653 0# - TERMINO DE INDIZACION - NO CONTROLADO | |
| Término no controlado | Lenguas extranjeras |
| 653 0# - TERMINO DE INDIZACION - NO CONTROLADO | |
| Término no controlado | Formación inicial docente |
| 773 ## - ENLACE AL DOCUMENTO FUENTE/ENTRADA DE REGISTRO ANFITRIÓN | |
| Parte(s) relacionada(s) | Vol. 7, no. 1 (2016), p. 85-96 |
| Título | Didasc@lia : didáctica y educación |
| Número Internacional Normalizado para Publicaciones Seriadas | 2224-2643 |
| 856 4# - LOCALIZACIÓN Y ACCESO ELECTRÓNICOS | |
| Identificador Uniforme del Recurso | <a href="https://dialnet.unirioja.es/servlet/articulo?codigo=6568038">https://dialnet.unirioja.es/servlet/articulo?codigo=6568038</a> |
| 902 ## - ELEMENTOS DE DATOS B LOCAL, LDB (RLIN) | |
| Creó | Gloria Jiménez/280425 |
| 905 ## - TIPO DE MATERIAL | |
| Tipo de material | Articulo |
| 942 ## - ELEMENTOS DE PUNTO DE ACCESO ADICIONAL (KOHA) | |
| Tipo de ítem Koha | Artículo Electrónico |
| Estado de retiro | Estado de pérdida | Estado dañado | No para préstamo | Código de colección | Localización permanente | Ubicación/localización actual | Ubicación en estantería | Fecha de adquisición | Total de préstamos | Fecha visto por última vez | Identificador Uniforme del Recurso | Precio válido a partir de | Tipo de ítem Koha |
|---|---|---|---|---|---|---|---|---|---|---|---|---|---|
| Acceso abierto | Bib. Gregorio Torres Quintero | Bib. Gregorio Torres Quintero | En línea | 28/04/2025 | 28/04/2025 | https://dialnet.unirioja.es/servlet/articulo?codigo=6568038 | 28/04/2025 | Artículo Electrónico |
